Sports Quiz

Random Sports or University Quiz

7 to 1 Basketball Conference Members 1987 Quiz Stats

Quiz not verified by Sporcle

Challenge
Share
Tweet
Embed
Score 0/28 Timer 06:00
0 Plays Today
% Correct
Baylor
91.2%
Texas A & M
90.9%
SMU
90.5%
Texas
90.5%
Houston
90.1%
Arkansas
88.2%
Rice
87.3%
Georgetown
87%
BYU
82.7%
Syracuse
80.5%
Utah
79.9%
Temple
79.8%
Nebraska
79.8%
Cincinnati
78%
% Correct
Rhode Island
76.7%
Louisville
75.8%
Colorado
75.5%
Missouri
75.4%
Memphis State
75.1%
Boston College
74.8%
Pittsburgh
73.4%
Rutgers
66.7%
Maryland
62.1%
Virginia Tech
58.4%
West Virginia
46.9%
Florida State
46%
Penn State
45.6%
South Carolina
42.2%

You're not logged in!

Compare scores with friends on all Sporcle quizzes.
Sign Up with Email
OR
Log In

You Might Also Like...

Show Comments

Extras

Top Quizzes Today


Score Distribution

Your Account Isn't Verified!

In order to create a playlist on Sporcle, you need to verify the email address you used during registration. Go to your Sporcle Settings to finish the process.